000 00733nas a2200241 4500
001 BR9503692
003 BR-BrBNA
005 20231205094055.0
007 ta
008 230509b bl.|||p| |||| 00| 00por d
040 _aBR-BrBNA
_bpor
_cBiblioteca Nacional de Agricultura
041 _a(Pt)
072 _aL70
100 1 _aValadao, I.
100 1 _aSantos, J.A. dos
100 1 _aCascon, S.C.
245 1 _aEstudo da acao analeptica do ictiotereol sobre mamiferos
650 _aCamundongo
650 _aVeterinaria
773 0 _tArquivos da Escola de Veterinaria da Universidade Federal de Minas Gerais (Brazil)
_x
_g(1968), v. 20 p. 145-148
_wBR9503692
909 _a202311
_bLúcia
_c55
_dLúcia Elande
942 _2AGRIS
_n0
_cANA
999 _c141917
_d141917